| 000 | 00864cam a22002893a 4500 | ||
|---|---|---|---|
| 001 | 28412 | ||
| 003 | PGUSA | ||
| 005 | 20140828083619.0 | ||
| 008 | 090325s2009||||xxu|||||s|||||000 1 eng d | ||
| 040 |
_aPGUSA _beng |
||
| 042 | _adc | ||
| 050 | 4 | _aPR | |
| 100 | 1 |
_aLytton, Edward Bulwer Lytton, Baron, _d1803-1873 |
|
| 245 | 1 | 0 |
_aLa race future _h[electronic resource] / _cEdward Bulwer Lytton, Baron Lytton |
| 260 |
_bProject Gutenberg, _c2009 |
||
| 506 | _aPublic domain in the USA. | ||
| 516 | _aElectronic text | ||
| 653 | _aCivilization, Subterranean -- Fiction | ||
| 653 | _aUnderground areas -- Fiction | ||
| 653 | _aScience fiction | ||
| 653 | _aUtopian fiction | ||
| 653 | _aUtopias -- Fiction | ||
| 700 | 1 |
_aFrary, Raoul, _d1842-1892 |
|
| 830 | 0 |
_aProject Gutenberg _v28412 |
|
| 856 | 4 | 0 | _uhttp://www.gutenberg.org/ebooks/28412 |
| 942 | _cEB | ||
| 999 |
_c257667 _d257667 |
||